[Event "XXI C.to Italiano U20"]
[Site "Porto San Giorgio ITA"]
[Date "2013.08.21"]
[Round "1"]
[White "Boscolo, Federico"]
[Black "Vesce, Emanuele"]
[WhiteElo "2343"]
[BlackElo "1976"]
[Result "1-0"]
[PlyCount "71"]
[EventDate "2013.08.21"]

1. e4 c5 2. Nf3 d6 3. Bb5+ Bd7 4. Bxd7+ Qxd7 5. O-O Nf6 6. Qe2 e6 7. d4 cxd4 8.
Nxd4 Nc6 9. Rd1 a6 10. a4 Qc7 11. Nc3 Be7 12. Nf3 O-O 13. Bf4 Nd7 14. Nb1 Nce5
15. c3 Nxf3+ 16. Qxf3 Ne5 17. Qe2 Rfd8 18. Nd2 Qc6 19. Nf3 Nxf3+ 20. Qxf3 Rd7
21. b3 Bf6 22. Rac1 b5 23. e5 Qxf3 24. gxf3 Be7 25. exd6 Bf8 26. c4 f6 27. axb5
e5 28. Be3 axb5 29. c5 Kf7 30. Ra1 Rb8 31. b4 Ke6 32. Ra6 f5 33. c6 Rxd6 34. c7
Rc8 35. Rdxd6+ Bxd6 36. Bc5 1-0

[Event "XXI C.to Italiano U20"]
[Site "Porto San Giorgio ITA"]
[Date "2013.08.21"]
[Round "1"]
[White "Codenotti, Marco"]
[Black "Gattafoni, Alessio"]
[WhiteElo "2370"]
[BlackElo "2005"]
[Result "1-0"]
[PlyCount "93"]
[EventDate "2013.08.21"]

1. e4 e6 2. d4 d5 3. Nd2 dxe4 4. Nxe4 Nf6 5. Nxf6+ Qxf6 6. Nf3 h6 7. Be3 Bd6 8.
Bd3 Bd7 9. Nd2 Bc6 10. Ne4 Qe7 11. Qg4 f5 12. Qg6+ Qf7 13. Nxd6+ cxd6 14. Qg3
d5 15. h4 Nd7 16. O-O-O Nf6 17. f3 Nh5 18. Qe5 f4 19. Bd2 O-O 20. Kb1 Bd7 21.
Rh3 a6 22. c3 Rae8 23. Rg1 Bb5 24. Bc2 Ng3 25. a4 Bd7 26. h5 Qf6 27. Re1 Qxe5
28. Rxe5 Nf1 29. Bc1 Re7 30. b3 Ref7 31. Bg6 Rf6 32. a5 Be8 33. Bd3 Ng3 34. Ba3
R8f7 35. Bg6 Rxg6 36. hxg6 Rf6 37. Ka1 Bb5 38. Rh4 Bf1 39. c4 dxc4 40. d5 cxb3
41. dxe6 Bb5 42. Rxb5 axb5 43. e7 Re6 44. Rxf4 Re1+ 45. Kb2 Re2+ 46. Kxb3 Re3+
47. Kc2 1-0

[Event "XXI C.to Italiano U20"]
[Site "Porto San Giorgio ITA"]
[Date "2013.08.21"]
[Round "1"]
[White "Dappiano, Andrea"]
[Black "Dionigi, Riccardo"]
[WhiteElo "2149"]
[BlackElo "1953"]
[Result "1-0"]
[PlyCount "45"]
[EventDate "2013.08.21"]

1. c4 Nf6 2. Nc3 e6 3. e4 d5 4. e5 d4 5. exf6 dxc3 6. bxc3 Qxf6 7. d4 c5 8. Nf3
Qd8 9. Bd3 Be7 10. O-O Nd7 11. Re1 O-O 12. Qc2 Nf6 13. Bg5 h6 14. Bf4 Qa5 15.
Qc1 cxd4 16. cxd4 Rd8 17. Bxh6 gxh6 18. Re5 Qa3 19. Qxh6 Qxd3 20. Rg5+ Qg6 21.
Rxg6+ fxg6 22. Qxg6+ Kh8 23. Ng5 1-0

[Event "XXI C.to Italiano U20"]
[Site "Porto San Giorgio ITA"]
[Date "2013.08.21"]
[Round "1"]
[White "Di Misa, Salvatore"]
[Black "Basso, Pier Luigi"]
[WhiteElo "1962"]
[BlackElo "2208"]
[Result "0-1"]
[PlyCount "42"]
[EventDate "2013.08.21"]

1. Nf3 d5 2. c4 c6 3. g3 Nf6 4. b3 Qb6 5. Bg2 e5 6. e3 e4 7. Nd4 Nbd7 8. O-O
Ne5 9. cxd5 cxd5 10. Nc3 h5 11. f3 h4 12. fxe4 hxg3 13. Nf5 gxh2+ 14. Kh1 Nh5
15. Nxd5 Qg6 16. Nf4 Qxf5 17. Nxh5 Qxh5 18. Qc2 Bh3 19. d4 Rc8 20. Qf2 Nd3 21.
Qd2 Bb4 0-1

[Event "XXI C.to Italiano U20"]
[Site "Porto San Giorgio ITA"]
[Date "2013.08.21"]
[Round "1"]
[White "Fuochi, Tommaso"]
[Black "Miracola, Massimiliano"]
[WhiteElo "1910"]
[BlackElo "2149"]
[Result "1/2-1/2"]
[PlyCount "85"]
[EventDate "2013.08.21"]

1. c4 Nf6 2. Nc3 g6 3. g3 Bg7 4. Bg2 d6 5. e4 O-O 6. Nge2 c5 7. O-O Nc6 8. h3
Ne8 9. d3 Nc7 10. Kh2 Ne6 11. Be3 a6 12. Qd2 Ned4 13. Bh6 Rb8 14. Bxg7 Kxg7 15.
Nxd4 Nxd4 16. Ne2 e5 17. Nxd4 cxd4 18. Rac1 Be6 19. b4 Qd7 20. f4 f6 21. g4 Bg8
22. f5 g5 23. Qb2 Rfc8 24. Rf2 Bf7 25. Rfc2 b6 26. Kg3 Qa4 27. a3 Rb7 28. Bf3
Rbb8 29. Rh2 Rh8 30. h4 h6 31. h5 Rhc8 32. Bd1 Qd7 33. Rhc2 Rc7 34. Kf2 Rbc8
35. Ke1 Qe7 36. Kf2 Be8 37. Qb3 Bd7 38. a4 Qe8 39. b5 Ra7 40. Qb4 Qe7 41. Ke1
Be8 42. Kd2 Rca8 43. Rb2 1/2-1/2

[Event "XXI C.to Italiano U20"]
[Site "Porto San Giorgio ITA"]
[Date "2013.08.21"]
[Round "1"]
[White "Palazzotto, Roberto"]
[Black "De Filomeno, Simone"]
[WhiteElo "2010"]
[BlackElo "2378"]
[Result "0-1"]
[PlyCount "76"]
[EventDate "2013.08.21"]

1. e4 c5 2. Nf3 d6 3. d4 cxd4 4. Nxd4 Nf6 5. Nc3 a6 6. f3 e5 7. Nb3 Be6 8. Be3
Be7 9. Qd2 h5 10. Nd5 Nxd5 11. exd5 Bf5 12. Bd3 Bxd3 13. Qxd3 Nd7 14. O-O-O Rc8
15. f4 Qc7 16. Rhe1 O-O 17. Kb1 Bf6 18. Rc1 Rfe8 19. f5 e4 20. Qe2 Nb6 21. Bd4
Bxd4 22. Nxd4 Nxd5 23. Qxh5 Qb6 24. Nb3 a5 25. f6 Nxf6 26. Qxa5 Qc6 27. Re3 Nd5
28. Rg3 e3 29. Rg5 e2 30. Nd4 Qc5 31. Qxc5 Rxc5 32. Re1 Nc3+ 33. bxc3 Rxg5 34.
Rxe2 Rxe2 35. Nxe2 Rxg2 36. Nd4 Rxh2 37. Nf5 g5 38. Nxd6 g4 0-1

[Event "XXI C.to Italiano U20"]
[Site "Porto San Giorgio ITA"]
[Date "2013.08.21"]
[Round "1"]
[White "Villa, Giorgio"]
[Black "Altini, Nicola"]
[WhiteElo "1986"]
[BlackElo "2347"]
[Result "0-1"]
[PlyCount "76"]
[EventDate "2013.08.21"]

1. d4 d5 2. Nf3 Nf6 3. c4 c6 4. e3 Bf5 5. Nc3 e6 6. Nh4 Bg6 7. Nxg6 hxg6 8. g3
Nbd7 9. Qe2 Bb4 10. Bd2 Bxc3 11. Bxc3 Ne4 12. Bg2 f5 13. Rc1 Ndf6 14. f3 Nxc3
15. Rxc3 Qd6 16. e4 dxe4 17. fxe4 fxe4 18. Bxe4 Nxe4 19. Qxe4 O-O-O 20. Re3
Qb4+ 21. Kf1 Qxc4+ 22. Kg2 Rxd4 23. Qxe6+ Qxe6 24. Rxe6 Rd2+ 25. Kf3 Rhxh2 26.
Rhe1 Rd3+ 27. Kf4 Rxb2 28. Rxg6 Rd7 29. Re8+ Kc7 30. Rg8 Rxa2 31. R6xg7 Rxg7
32. Rxg7+ Kb6 33. g4 a5 34. g5 a4 35. Rg8 a3 36. Ra8 Ra1 37. g6 a2 38. g7 Rg1
0-1

[Event "XXI C.to Italiano U20"]
[Site "Porto San Giorgio ITA"]
[Date "2013.08.21"]
[Round "1"]
[White "Viviani, Alessio"]
[Black "Piccinini, Samuele"]
[WhiteElo "2141"]
[BlackElo "1906"]
[Result "1-0"]
[PlyCount "71"]
[EventDate "2013.08.21"]

1. d4 d5 2. c4 e6 3. Nc3 Nf6 4. Nf3 Nbd7 5. Bg5 Be7 6. e3 O-O 7. Bd3 a6 8. cxd5
exd5 9. O-O c6 10. Qc2 Re8 11. Rab1 Nf8 12. b4 b5 13. Ne5 Bb7 14. Ne2 Rc8 15.
Bf5 Rc7 16. Rfc1 Ng6 17. Bxf6 Bxf6 18. Nd3 Nh4 19. Bh3 Be7 20. a4 Bd6 21. Nc5
Bc8 22. Bxc8 Qxc8 23. Ra1 h5 24. Ng3 Bxg3 25. hxg3 Ng6 26. axb5 axb5 27. Na6
Ra7 28. Qxc6 Qxc6 29. Rxc6 Rea8 30. Ra5 Ne7 31. Rc7 Rxc7 32. Nxc7 Rxa5 33. bxa5
b4 34. a6 Nc6 35. Nxd5 b3 36. Kf1 1-0

[Event "XXI C.to Italiano U20"]
[Site "Porto San Giorgio ITA"]
[Date "2013.08.22"]
[Round "2"]
[White "Altini, Nicola"]
[Black "Santeramo, Domenico"]
[WhiteElo "2347"]
[BlackElo "2059"]
[Result "1-0"]
[PlyCount "159"]
[EventDate "2013.08.21"]

1. d4 d5 2. c4 c6 3. Nf3 Nf6 4. Nc3 dxc4 5. a4 Bf5 6. e3 e6 7. Bxc4 Bb4 8. O-O
O-O 9. Qe2 Bg6 10. Ne5 Nbd7 11. Nxg6 hxg6 12. Rd1 Qc7 13. e4 e5 14. d5 Nb6 15.
dxc6 Bxc3 16. bxc3 Qxc6 17. Bb5 Qxe4 18. a5 Qxe2 19. Bxe2 Nbd5 20. Bb2 Nf4 21.
Bf1 e4 22. c4 Rfd8 23. Rab1 Rxd1 24. Rxd1 Ne6 25. Rb1 Nd7 26. Bc1 Ndc5 27. Be3
Rc8 28. f3 exf3 29. gxf3 Rc7 30. f4 a6 31. Bg2 Rd7 32. Bd5 Kf8 33. h4 Ke7 34.
Kg2 Kf6 35. Kf3 Rc7 36. Kg4 Ke7 37. h5 gxh5+ 38. Kxh5 g6+ 39. Kg4 Kf6 40. Bd2
Ke7 41. Bb4 Ke8 42. Bc3 Nd7 43. f5 gxf5+ 44. Kxf5 Ke7 45. Rh1 Ndf8 46. Rh8 Nd7
47. Bb4+ Ndc5 48. Bc3 Nd7 49. Bb2 Nef8 50. Ba3+ Nc5 51. Bxb7 Ng6 52. Ra8 Rxb7
53. Bxc5+ Kd7 54. Rxa6 Rc7 55. Rd6+ Kc8 56. Bb6 Rxc4 57. a6 Ne7+ 58. Ke5 Nc6+
59. Kd5 Rc1 60. a7 Rd1+ 61. Kc5 Rc1+ 62. Kb5 Nxa7+ 63. Bxa7 Kb7 64. Bc5 Rb1+
65. Bb4 Rc1 66. Rf6 Rc7 67. Bd6 Rd7 68. Kc5 Rd8 69. Rxf7+ Ka6 70. Kc6 Rc8+ 71.
Bc7 Rg8 72. Rf1 Rg6+ 73. Bd6 Rg5 74. Ra1+ Ra5 75. Rb1 Rg5 76. Rb6+ Ka5 77. Rb3
Ka6 78. Rb8 Ka7 79. Rh8 Rf5 80. Bc5+ 1-0

[Event "XXI C.to Italiano U20"]
[Site "Porto San Giorgio ITA"]
[Date "2013.08.22"]
[Round "2"]
[White "Basso, Pier Luigi"]
[Black "Morello, Guido"]
[WhiteElo "2208"]
[BlackElo "2048"]
[Result "1-0"]
[PlyCount "101"]
[EventDate "2013.08.21"]

1. d4 Nf6 2. Nf3 e6 3. c4 c5 4. Nc3 cxd4 5. Nxd4 a6 6. g3 Nc6 7. Bg2 Bc5 8. Nc2
O-O 9. O-O h6 10. Rb1 Ng4 11. e3 Nge5 12. Qe2 Nb4 13. Ne4 Be7 14. Nxb4 Bxb4 15.
c5 d5 16. cxd6 f5 17. Bd2 Bxd2 18. Nxd2 Qxd6 19. Nc4 Nxc4 20. Qxc4 b5 21. Qb3
Rb8 22. Rfd1 Qe7 23. Rbc1 Kh7 24. Qd3 Bb7 25. Qd6 Rfe8 26. Qe5 Bxg2 27. Rc7
Qxc7 28. Qxc7 Bd5 29. Qe5 Rbd8 30. Qd4 Rd7 31. Qc3 Red8 32. f4 Rd6 33. a3 R8d7
34. Qe5 Rc6 35. e4 fxe4 36. f5 e3 37. Qxe3 exf5 38. Qe5 Be6 39. Rxd7 Bxd7 40.
Qd5 Rc1+ 41. Kf2 Bc6 42. Qxf5+ Kg8 43. Qc8+ Kh7 44. Qxa6 Rc2+ 45. Ke3 Be8 46.
Qe6 Bg6 47. Qe5 b4 48. axb4 Rxh2 49. b5 Rh1 50. b6 Re1+ 51. Kd4 1-0

[Event "XXI C.to Italiano U20"]
[Site "Porto San Giorgio ITA"]
[Date "2013.08.22"]
[Round "2"]
[White "Brociner, Beniamino"]
[Black "Franciosi, Fausto"]
[WhiteElo "2032"]
[BlackElo "2084"]
[Result "1/2-1/2"]
[PlyCount "62"]
[EventDate "2013.08.21"]

1. Nf3 Nf6 2. c4 g6 3. g3 Bg7 4. Bg2 O-O 5. O-O d6 6. d4 Nc6 7. Nc3 a6 8. Bf4
Nd7 9. Be3 e5 10. d5 Ne7 11. Rc1 h6 12. b4 Nf5 13. Bd2 Nd4 14. Ne1 a5 15. a3
axb4 16. axb4 Ra3 17. Rb1 Ra8 18. e3 Nf5 19. Ra1 Rxa1 20. Qxa1 Ne7 21. Nd3 f5
22. e4 f4 23. gxf4 exf4 24. Bxf4 g5 25. Be3 Ng6 26. Qc1 Nde5 27. Nxe5 Bxe5 28.
Ne2 Nf4 29. Bxf4 gxf4 30. f3 Kh8 31. Kh1 Qh4 1/2-1/2

[Event "XXI C.to Italiano U20"]
[Site "Porto San Giorgio ITA"]
[Date "2013.08.22"]
[Round "2"]
[White "De Filomeno, Simone"]
[Black "Gregori, Giacomo"]
[WhiteElo "2378"]
[BlackElo "2060"]
[Result "1-0"]
[PlyCount "99"]
[EventDate "2013.08.21"]

1. e4 d6 2. d4 Nf6 3. Nc3 g6 4. Nf3 Bg7 5. Be2 O-O 6. O-O Bg4 7. h3 Bxf3 8.
Bxf3 e5 9. d5 Nbd7 10. h4 h5 11. g3 a5 12. Be3 Nc5 13. a3 Qd7 14. Qe2 Rfb8 15.
a4 Qe7 16. Bg5 Re8 17. Bg2 c6 18. Qf3 Na6 19. Rad1 Nb4 20. Rd2 Rec8 21. Rfd1
cxd5 22. Nxd5 Nbxd5 23. Rxd5 Rxc2 24. Rxd6 Rc6 25. Rxc6 bxc6 26. Qc3 Qe6 27.
Rc1 Rd8 28. Qxa5 Rb8 29. Qc3 Qa2 30. Qxe5 Re8 31. Qc3 Re6 32. Qc2 Ng4 33. b3
Qa3 34. Bh3 Bd4 35. Bxg4 hxg4 36. Kg2 c5 37. Rd1 Qb4 38. Bd2 Qb7 39. Re1 Rb6
40. Rb1 Re6 41. Re1 Rb6 42. b4 Rf6 43. Re2 cxb4 44. Qc4 Bc3 45. Bxc3 bxc3 46.
Qxc3 Rf3 47. Qd4 Qb3 48. Rb2 Rd3 49. Qf6 Rd6 50. Qxg6+ 1-0

[Event "XXI C.to Italiano U20"]
[Site "Porto San Giorgio ITA"]
[Date "2013.08.22"]
[Round "2"]
[White "Fagnani, Alessandro"]
[Black "Viviani, Alessio"]
[WhiteElo "2039"]
[BlackElo "2141"]
[Result "1-0"]
[PlyCount "43"]
[EventDate "2013.08.21"]

1. e4 c5 2. Nf3 d6 3. d4 cxd4 4. Nxd4 Nf6 5. Nc3 g6 6. Be3 Bg7 7. f3 O-O 8. Bc4
Nc6 9. Bb3 Bd7 10. Qd2 Rc8 11. h4 Na5 12. h5 Nc4 13. Bxc4 Rxc4 14. O-O-O Qc7
15. g4 Rc8 16. Rh2 e6 17. Ndb5 Qa5 18. Nxd6 Rxc3 19. Nxc8 Qxa2 20. Qxc3 Nxe4
21. Ne7+ Kf8 22. Qa3 1-0

[Event "XXI C.to Italiano U20"]
[Site "Porto San Giorgio ITA"]
[Date "2013.08.22"]
[Round "2"]
[White "Lodici, Lorenzo"]
[Black "Codenotti, Marco"]
[WhiteElo "2088"]
[BlackElo "2370"]
[Result "0-1"]
[PlyCount "94"]
[EventDate "2013.08.21"]

1. d4 d5 2. c4 c6 3. Nc3 Nf6 4. Nf3 dxc4 5. e4 b5 6. e5 Nd5 7. a4 e6 8. Ng5 Bb7
9. Qh5 g6 10. Qf3 Qd7 11. Nge4 Be7 12. Be2 Na6 13. O-O Nac7 14. Bg5 Bxg5 15.
Nxg5 Nxc3 16. bxc3 Nd5 17. Ne4 O-O 18. g4 Qe7 19. g5 c5 20. Nxc5 Qxg5+ 21. Kh1
Bc6 22. axb5 Bxb5 23. Ne4 Qh4 24. Nd6 Bc6 25. Ra6 Rac8 26. Nxc8 Rxc8 27. Kg1
Qg5+ 28. Qg3 Nxc3 29. Bxc4 Ne4 30. Qxg5 Nxg5 31. f3 Nxf3+ 32. Kf2 Nd2 33. Rxa7
Nxc4 34. Kg3 Rf8 35. Rc7 Bd5 36. Kf4 Nd2 37. Rf2 Ne4 38. Rf1 g5+ 39. Kg4 Kg7
40. h4 h5+ 41. Kh3 g4+ 42. Kh2 Kg6 43. Rf4 Rb8 44. Rfxf7 Rb2+ 45. Kg1 Rb1+ 46.
Rf1 Rxf1+ 47. Kxf1 Ng3+ 0-1

[Event "XXI C.to Italiano U20"]
[Site "Porto San Giorgio ITA"]
[Date "2013.08.22"]
[Round "2"]
[White "Varvaglione, Antonio"]
[Black "Dappiano, Andrea"]
[WhiteElo "2048"]
[BlackElo "2149"]
[Result "0-1"]
[PlyCount "48"]
[EventDate "2013.08.21"]

1. e4 e6 2. d3 d5 3. Nd2 Nf6 4. Ngf3 b6 5. g3 dxe4 6. dxe4 Nc6 7. Bg2 Ba6 8. e5
Nd7 9. c4 Bb7 10. O-O Nc5 11. a3 a5 12. h4 Be7 13. Re1 Qd3 14. Re3 Qd7 15. Qc2
O-O-O 16. Bf1 Nd4 17. Nxd4 Qxd4 18. Nf3 Qd1 19. Qxd1 Rxd1 20. b4 axb4 21. axb4
Na6 22. b5 Nb4 23. Rea3 Nc2 24. Ra8+ Kd7 0-1

[Event "XXI C.to Italiano U20"]
[Site "Porto San Giorgio ITA"]
[Date "2013.08.23"]
[Round "3"]
[White "Boscolo, Federico"]
[Black "De Filomeno, Simone"]
[WhiteElo "2343"]
[BlackElo "2378"]
[Result "1/2-1/2"]
[PlyCount "72"]
[EventDate "2013.08.21"]

1. e4 c5 2. Nf3 d6 3. Bb5+ Nc6 4. d4 cxd4 5. Qxd4 Bd7 6. Bxc6 Bxc6 7. c4 Nf6 8.
Nc3 g6 9. O-O Bg7 10. Qe3 O-O 11. h3 Nd7 12. Nd4 Qb6 13. Rd1 a5 14. Rb1 Rfc8
15. b3 Qd8 16. Bb2 Qf8 17. Nd5 a4 18. f4 Bxd5 19. exd5 axb3 20. axb3 Ra2 21.
Ne6 fxe6 22. Qxe6+ Kh8 23. Bxg7+ Qxg7 24. Qxd7 Rf8 25. Rd3 Rxf4 26. Qxb7 Qe5
27. Qc8+ Kg7 28. Qe6 Qg5 29. g3 Rff2 30. Re1 Rg2+ 31. Kh1 Rh2+ 32. Kg1 Rag2+
33. Kf1 Rf2+ 34. Kg1 Rfg2+ 35. Kf1 Rf2+ 36. Kg1 Rfg2+ 1/2-1/2

[Event "XXI C.to Italiano U20"]
[Site "Porto San Giorgio ITA"]
[Date "2013.08.23"]
[Round "3"]
[White "Brociner, Beniamino"]
[Black "Siclari, Giovanni"]
[WhiteElo "2032"]
[BlackElo "2059"]
[Result "1-0"]
[PlyCount "143"]
[EventDate "2013.08.21"]

1. Nf3 Nf6 2. c4 b6 3. g3 c5 4. Bg2 Bb7 5. O-O g6 6. Nc3 Bg7 7. a3 Nc6 8. Rb1
d5 9. cxd5 Nxd5 10. Nxd5 Qxd5 11. d3 Rd8 12. Nd2 Qd7 13. b4 cxb4 14. axb4 O-O
15. b5 Na5 16. Bxb7 Qxb7 17. Ba3 Rd5 18. Qa4 Qd7 19. Rfc1 Bh6 20. Rc2 Re8 21.
Nc4 Qh3 22. f4 Bg7 23. Nxa5 bxa5 24. b6 Rb8 25. b7 Bd4+ 26. e3 Bxe3+ 27. Kh1
Bb6 28. Qc6 Rdd8 29. Bxe7 Re8 30. Bd6 Rbd8 31. b8=Q Rxb8 32. Bxb8 Rxb8 33. Re2
Qc8 34. Qd5 Qd8 35. Re5 Qf6 36. Rbe1 Kg7 37. Qe4 Rd8 38. Rd5 Rc8 39. Rd7 Rc5
40. Qb7 Rf5 41. Rxf7+ Qxf7 42. Re7 Qxe7 43. Qxe7+ Rf7 44. Qe5+ Kf8 45. d4 a4
46. d5 a3 47. Qd6+ Ke8 48. Qxa3 Rd7 49. Qa4 Kd8 50. Qc6 Rc7 51. Qf6+ Kc8 52.
Qe6+ Rd7 53. g4 Bd4 54. f5 gxf5 55. gxf5 Kc7 56. Qc6+ Kd8 57. Kg2 Be5 58. f6
Bxf6 59. Qxf6+ Kc7 60. Qc6+ Kd8 61. Kf3 Rf7+ 62. Ke4 Rc7 63. Qf6+ Re7+ 64. Kd4
Ke8 65. d6 Re1 66. Qh8+ Kd7 67. Qg7+ Ke8 68. Qxa7 Rd1+ 69. Ke5 Re1+ 70. Kf6
Rf1+ 71. Kg7 Re1 72. Qb8+ 1-0

[Event "XXI C.to Italiano U20"]
[Site "Porto San Giorgio ITA"]
[Date "2013.08.23"]
[Round "3"]
[White "Codenotti, Marco"]
[Black "Basso, Pier Luigi"]
[WhiteElo "2370"]
[BlackElo "2208"]
[Result "1/2-1/2"]
[PlyCount "129"]
[EventDate "2013.08.21"]

1. e4 d5 2. exd5 Qxd5 3. Nc3 Qd6 4. d4 Nf6 5. Nf3 c6 6. Ne5 Nbd7 7. Nc4 Qc7 8.
Qf3 Nb6 9. Bf4 Qd7 10. Be5 Qf5 11. Qd1 Nxc4 12. Bxc4 Ne4 13. O-O Nxc3 14. bxc3
f6 15. Bg3 Be6 16. Bd3 Qd5 17. Re1 O-O-O 18. c4 Qd7 19. Qh5 g5 20. Rxe6 Qxe6
21. Qf3 Rd7 22. Rb1 Kd8 23. Bf5 Qxc4 24. Bxd7 Qxa2 25. Rd1 Kxd7 26. d5 cxd5 27.
h4 gxh4 28. Rxd5+ Ke6 29. Qf5+ Kf7 30. Bxh4 h5 31. Rd7 Qa1+ 32. Kh2 Qe5+ 33.
Qxe5 fxe5 34. Rxb7 a6 35. Bg5 Rg8 36. Be3 Rg6 37. c4 Rc6 38. c5 Ke6 39. Rb8 Bg7
40. Kg3 Bf6 41. Kf3 Kf5 42. Rb4 Bg5 43. Rb6 Rc7 44. Bxg5 Kxg5 45. c6 Kf5 46.
Rxa6 e4+ 47. Ke3 e5 48. Rb6 Rc8 49. Kd2 Kf4 50. Kc3 e3 51. fxe3+ Kxe3 52. Kc4
Kf2 53. Rb2+ Kf1 54. Kd5 e4 55. Kxe4 Rxc6 56. Kf4 h4 57. Kg4 Rg6+ 58. Kh3 Rg3+
59. Kh2 Rg4 60. Kh1 Rg3 61. Kh2 Rg4 62. Ra2 Rg3 63. Ra1+ Kf2 64. Ra2+ Kf1 65.
Rb2 1/2-1/2

[Event "XXI C.to Italiano U20"]
[Site "Porto San Giorgio ITA"]
[Date "2013.08.23"]
[Round "3"]
[White "Dappiano, Andrea"]
[Black "Altini, Nicola"]
[WhiteElo "2149"]
[BlackElo "2347"]
[Result "0-1"]
[PlyCount "150"]
[EventDate "2013.08.21"]

1. c4 e5 2. Nc3 Nc6 3. g3 Nf6 4. Bg2 Bc5 5. Nf3 d6 6. O-O a6 7. d3 h6 8. a3 O-O
9. b4 Ba7 10. Bb2 Be6 11. Rc1 Qd7 12. e3 Ne7 13. Ne2 Ng6 14. d4 exd4 15. exd4
Bh3 16. d5 Bxg2 17. Kxg2 Ne4 18. Qd3 Rae8 19. Rce1 f5 20. Ned4 Bxd4 21. Bxd4
Ne5 22. Nxe5 dxe5 23. Bxe5 Rxe5 24. f3 Rfe8 25. fxe4 fxe4 26. Qe3 b5 27. Rc1
R8e7 28. Rfd1 Rf7 29. Rf1 Rfe7 30. Rfd1 Rf5 31. Rf1 bxc4 32. Rxf5 Qxf5 33. Rxc4
Qxd5 34. Qd4 Qf7 35. Rc3 Kh7 36. Re3 Qf5 37. Qc4 a5 38. b5 h5 39. Qf1 Qd5 40.
Qe2 a4 41. h4 Re5 42. Qb2 Qe6 43. Qe2 Qe8 44. Kh2 Qg6 45. Kg2 Qf5 46. Qf2 Kg6
47. Qc2 Rxb5 48. Qxe4 Rb2+ 49. Kg1 Rb1+ 50. Kg2 Rb2+ 51. Kg1 Rb3 52. Qe6+ Qxe6
53. Rxe6+ Kf5 54. Rc6 Rxg3+ 55. Kh2 Rxa3 56. Rxc7 g6 57. Rc5+ Kg4 58. Rg5+ Kxh4
59. Rxg6 Rh3+ 60. Kg2 a3 61. Ra6 Rg3+ 62. Kh2 Rc3 63. Ra4+ Kg5 64. Kg2 h4 65.
Ra5+ Kf6 66. Kh2 h3 67. Ra8 Ke6 68. Ra5 Kd6 69. Ra4 Kc5 70. Ra8 Kb4 71. Rb8+
Kc4 72. Ra8 Kb3 73. Rb8+ Kc2 74. Ra8 Kb2 75. Rb8+ Rb3 0-1

[Event "XXI C.to Italiano U20"]
[Site "Porto San Giorgio ITA"]
[Date "2013.08.23"]
[Round "3"]
[White "Di Misa, Salvatore"]
[Black "Bisi, Samuele"]
[WhiteElo "1962"]
[BlackElo "2103"]
[Result "1-0"]
[PlyCount "121"]
[EventDate "2013.08.21"]

1. Nf3 Nf6 2. g3 c5 3. Bg2 e6 4. c4 Be7 5. Nc3 O-O 6. O-O Nc6 7. e3 d5 8. b3 b6
9. Bb2 Bb7 10. Qe2 Re8 11. Rfd1 Rc8 12. Rac1 dxc4 13. bxc4 Qc7 14. d4 cxd4 15.
exd4 Na5 16. d5 Qxc4 17. dxe6 Qxe2 18. exf7+ Kxf7 19. Nxe2 Kg8 20. Nf4 Nc4 21.
Bxf6 Bxf6 22. Rd7 Na5 23. Re1 Red8 24. Rxd8+ Rxd8 25. Nh5 Bc3 26. Rc1 Bb2 27.
Rb1 Nc4 28. Ng5 Bxg2 29. Kxg2 Rd5 30. h4 h6 31. Nf4 Ra5 32. Nge6 Rxa2 33. Rd1
Bf6 34. Rd7 b5 35. Rb7 Nd6 36. Rb8+ Kf7 37. Nc7 a6 38. Rb6 Ne4 39. Rxa6 Rxf2+
40. Kh3 Rb2 41. Ra7 Nf2+ 42. Kg2 Bd4 43. Rb7 Ne4+ 44. Kf3 Nd6 45. Rb8 b4 46.
Rd8 Ke7 47. Rb8 Kd7 48. Nce6 Bc3 49. Rb6 Nf5 50. Nc5+ Kc7 51. Nd5+ Kc8 52. Ra6
Nd4+ 53. Kg4 Kb8 54. Rb6+ Kc8 55. Ra6 Kb8 56. Rd6 Kc8 57. Rd7 Nb5 58. Ne7+ Kb8
59. Rb7+ Ka8 60. Nc6 Be5 61. Rxb5 1-0

[Event "XXI C.to Italiano U20"]
[Site "Porto San Giorgio ITA"]
[Date "2013.08.23"]
[Round "3"]
[White "Franciosi, Fausto"]
[Black "Fagnani, Alessandro"]
[WhiteElo "2084"]
[BlackElo "2039"]
[Result "1-0"]
[PlyCount "147"]
[EventDate "2013.08.21"]

1. d4 d5 2. c4 e6 3. Nc3 Nf6 4. cxd5 exd5 5. Bg5 c6 6. Qc2 g6 7. e3 Bf5 8. Qb3
b6 9. Nf3 Be7 10. Be2 Nbd7 11. h3 O-O 12. O-O Ne4 13. Bf4 Bd6 14. Bxd6 Nxd6 15.
Rac1 Rc8 16. Rfe1 Ne4 17. Nxe4 dxe4 18. Nh2 c5 19. Red1 Qg5 20. Bg4 Bxg4 21.
Nxg4 h5 22. Nh2 cxd4 23. Rxc8 Rxc8 24. Rxd4 Rc1+ 25. Nf1 Nc5 26. Qb5 Qe7 27.
Qc6 Nd3 28. Rxe4 Rxc6 29. Rxe7 a5 30. b3 Rc2 31. Rd7 Nxf2 32. Rd2 Rxd2 33. Nxd2
Nd3 34. Nc4 b5 35. Nxa5 Nc1 36. a3 Kg7 37. Kf2 Nd3+ 38. Ke2 Nc5 39. b4 Ne6 40.
Kd3 f5 41. Nb3 Kf6 42. Nc5 Nc7 43. Kd4 g5 44. Nd3 Ke6 45. Nc5+ Kd6 46. e4 f4
47. e5+ Kc6 48. Ke4 Nd5 49. Kf5 Ne3+ 50. Kxg5 Nxg2 51. Nd3 f3 52. Kf5 Kd7 53.
Ke4 Ne1 54. Nc5+ Ke7 55. Ke3 Kf7 56. Kf2 Nc2 57. Kxf3 Kg6 58. Ke4 Nxa3 59. h4
Nc4 60. Kf4 Na3 61. Nd3 Nc4 62. Ke4 Nd2+ 63. Kd5 Nf3 64. Nf4+ Kf7 65. Nxh5 Nxh4
66. Nf4 Nf3 67. e6+ Ke7 68. Kc5 Ne5 69. Kxb5 Kd6 70. Ka6 Kc7 71. b5 Nc4 72.
Nd5+ Kb8 73. e7 Nd6 74. Nf6 1-0

[Event "XXI C.to Italiano U20"]
[Site "Porto San Giorgio ITA"]
[Date "2013.08.23"]
[Round "3"]
[White "Palazzotto, Roberto"]
[Black "Miracola, Massimiliano"]
[WhiteElo "2010"]
[BlackElo "2149"]
[Result "1/2-1/2"]
[PlyCount "50"]
[EventDate "2013.08.21"]

1. e4 c5 2. Nf3 d6 3. d4 cxd4 4. Nxd4 Nf6 5. Nc3 Nc6 6. Be2 e5 7. Nb3 Be7 8.
O-O O-O 9. Bg5 Be6 10. Bxf6 Bxf6 11. Nd5 Bg5 12. f4 exf4 13. Nxf4 Bf6 14. c3
Qb6+ 15. Kh1 Rad8 16. Nxe6 fxe6 17. Bc4 d5 18. exd5 Ne5 19. Be2 exd5 20. Nd4
Nc4 21. Bxc4 dxc4 22. Qe2 Bxd4 23. Qxc4+ Kh8 24. cxd4 Rfe8 25. b3 Qxd4 1/2-1/2

[Event "XXI C.to Italiano U20"]
[Site "Porto San Giorgio ITA"]
[Date "2013.08.23"]
[Round "3"]
[White "Viviani, Alessio"]
[Black "Gattafoni, Alessio"]
[WhiteElo "2141"]
[BlackElo "2005"]
[Result "1-0"]
[PlyCount "63"]
[EventDate "2013.08.21"]

1. d4 d5 2. c4 c6 3. Nf3 Nf6 4. Nc3 e6 5. Bg5 h6 6. Bxf6 Qxf6 7. e3 Nd7 8. Bd3
Bd6 9. O-O O-O 10. e4 e5 11. exd5 exd4 12. Ne4 Qe7 13. Nxd4 Nc5 14. Re1 Nxe4
15. Bxe4 Qh4 16. g3 Qf6 17. dxc6 Bc5 18. cxb7 Bxb7 19. Bxb7 Bxd4 20. Qf3 Rab8
21. Red1 Bxb2 22. Rab1 Be5 23. Qxf6 Bxf6 24. c5 Rfd8 25. c6 Be5 26. Re1 Bc7 27.
Re7 Bd6 28. Re4 Kf8 29. Ra4 Rdc8 30. Rd1 Bc5 31. Bxc8 Rxc8 32. Rc4 1-0

[Event "XXI C.to Italiano U20"]
[Site "Porto San Giorgio ITA"]
[Date "2013.08.24"]
[Round "4"]
[White "Altini, Nicola"]
[Black "Codenotti, Marco"]
[WhiteElo "2347"]
[BlackElo "2370"]
[Result "1/2-1/2"]
[PlyCount "106"]
[EventDate "2013.08.21"]

1. d4 Nf6 2. c4 g6 3. Nc3 d5 4. cxd5 Nxd5 5. e4 Nxc3 6. bxc3 Bg7 7. Be3 c5 8.
Qd2 Qa5 9. Rc1 O-O 10. Nf3 Bg4 11. d5 Na6 12. h4 f5 13. Bh6 Qa4 14. Bxa6 bxa6
15. c4 Bxh6 16. Qxh6 Qa3 17. Ne5 Qb2 18. Nxg4 fxg4 19. O-O g3 20. fxg3 Qd4+ 21.
Kh2 Rxf1 22. Rxf1 Qxe4 23. Qg5 Qxc4 24. Rf4 Qe2 25. d6 Qe6 26. dxe7 Re8 27.
Qxc5 Qxe7 28. Qxe7 Rxe7 29. Rf6 a5 30. Ra6 Kg7 31. Rxa5 Rf7 32. Ra6 Rc7 33. g4
h6 34. a4 h5 35. Kh3 hxg4+ 36. Kxg4 Rc4+ 37. Kh3 Rc3+ 38. g3 Rc7 39. a5 Kh6 40.
Rd6 Rc5 41. a6 Ra5 42. Kg4 Ra4+ 43. Kf3 Ra3+ 44. Kf4 Ra5 45. Rc6 Ra3 46. g4
Ra4+ 47. Kf3 Ra3+ 48. Kf2 Ra4 49. Kf3 Ra3+ 50. Ke2 Ra4 51. h5 Rxg4 52. hxg6
Rxg6 53. Rxg6+ Kxg6 1/2-1/2

[Event "XXI C.to Italiano U20"]
[Site "Porto San Giorgio ITA"]
[Date "2013.08.24"]
[Round "4"]
[White "Basso, Pier Luigi"]
[Black "Boscolo, Federico"]
[WhiteElo "2208"]
[BlackElo "2343"]
[Result "1/2-1/2"]
[PlyCount "72"]
[EventDate "2013.08.21"]

1. d4 Nf6 2. c4 g6 3. Nf3 Bg7 4. g3 O-O 5. Bg2 d6 6. O-O Nc6 7. Nc3 Bf5 8. d5
Na5 9. Nd4 Bd7 10. b3 c5 11. Nc2 a6 12. Qd3 Rb8 13. Bd2 b5 14. Rab1 Qc7 15. e4
e6 16. dxe6 Bxe6 17. Ne3 bxc4 18. bxc4 Nc6 19. Ncd5 Bxd5 20. Nxd5 Nxd5 21. exd5
Nd4 22. Bf4 Rfe8 23. Bf3 Be5 24. Bd2 Rb7 25. Rxb7 Qxb7 26. Rb1 Qd7 27. Bd1 Qc7
28. Kg2 Rb8 29. Ba5 Qc8 30. Bg4 f5 31. Bd1 Rb7 32. f4 Bf6 33. Ba4 Re7 34. Re1
Qb7 35. Rxe7 Qxe7 36. Bd2 Kg7 1/2-1/2